Nghiên cứu các yếu tố ảnh hưởng đến quá trình phân hủy Chloroform bằng tác nhân Fe0/H+ và Na/NH3
Tổng quan về Chloroform và độc tính. Nghiên cứu về phương pháp chuẩn độ kết tủa. Nghiên cứu các yếu tố ảnh hưởng đến quá trình phân hủy Chloroform bằng Fe0/H+ và Na/NH3. Xác định hiệu suất phân hủy của Chloroform theo các yếu tố ảnh hưởng.So sánh 2 phương pháp...
Na minha lista:
| Autor principal: | |
|---|---|
| Outros Autores: | |
| Formato: | Livro |
| Publicado em: |
Đà Nẵng
Đại học Sư phạm, Đại học Đà Nẵng
2012
|
| Assuntos: | |
| Tags: |
Adicionar Tag
Sem tags, seja o primeiro a adicionar uma tag!
|
| Thư viện lưu trữ: | Mạng thư viện Đại học Đà Nẵng |
|---|
| LEADER | 01900nam a2200337 4500 | ||
|---|---|---|---|
| 001 | 000017611 | ||
| 003 | 14030 | ||
| 005 | 20130503090549.0 | ||
| 008 | 130503s2012 sd | ||
| 082 | |a 628.16836 |b TĂ-K | ||
| 100 | 1 | |a Tăng Trung Kiên | |
| 245 | |a Nghiên cứu các yếu tố ảnh hưởng đến quá trình phân hủy Chloroform bằng tác nhân Fe0/H+ và Na/NH3 |c Tăng Trung Kiên ; Bùi Xuân Vững hướng dẫn |k Khóa luận tốt nghiệp | ||
| 260 | |a Đà Nẵng |b Đại học Sư phạm, Đại học Đà Nẵng |c 2012 | ||
| 300 | |a 55 tr. |b Hình mh. |c 29 cm. |e Đĩa CD, bản tóm tắt | ||
| 500 | |a Khóa luận tốt nghiệp đại học. Chuyên ngành: Sư phạm Hóa | ||
| 504 | |a Mục lục đầu trang, tài liệu tham khảo tr. 73 - 74, phụ lục [13 tr.] | ||
| 520 | |a Tổng quan về Chloroform và độc tính. Nghiên cứu về phương pháp chuẩn độ kết tủa. Nghiên cứu các yếu tố ảnh hưởng đến quá trình phân hủy Chloroform bằng Fe0/H+ và Na/NH3. Xác định hiệu suất phân hủy của Chloroform theo các yếu tố ảnh hưởng.So sánh 2 phương pháp | ||
| 600 | 1 | 4 | |b Vua |c Đinh Tiên Hoàng |
| 650 | 0 | 4 | |a Quá trình phân hủy Chloroform |v Khóa luận tốt nghiệp |x Nghiên cứu |
| 653 | |a Quá trình phân hủy Chloroform |a Khoa Hóa học | ||
| 700 | |a Bùi Xuân Vững |c T.S |e Hướng dẫn | ||
| OWN | |a LSP | ||
| AVA | |a UDN50 |b LSP |d 628.16836 TĂ-K |e available |t Error 5001 Not defined in file expand_doc_bib_avail. |f 1 |g 0 |h N |i 0 |k 1 | ||
| 999 | |a From the UDN01 | ||
| AVA | |a UDN50 |b LSP |d 628.16836 TĂ-K |e available |t Error 5001 Not defined in file expand_doc_bib_avail. |f 1 |g 0 |h N |i 0 |k 1 | ||
| TYP | |a Monograph | ||
| TYP | |a Printed language | ||
| 980 | |a Mạng thư viện Đại học Đà Nẵng | ||